[Event "FISU World University-ch 2020"]
[Site "Online"]
[Date "2020.10.26"]
[Round "5.11"]
[White "Serikbay, Assel"]
[Black "Cimer, Emanuel"]
[Result "1/2-1/2"]
[WhiteElo "2247"]
[BlackElo "2247"]
[Annotator "TA"]
[PlyCount "106"]
[EventDate "2020.10.26"]
[SourceTitle "playchess.com"]
[Source "ChessBase"]
[SourceQuality "1"]

1. d4 Nf6 2. c4 g6 3. g3 Bg7 4. Bg2 O-O 5. Nf3 d6 6. O-O Nbd7 7. Nc3 e5 8. e4 c6 9. h3 Qa5 10. Re1 exd4 11. Nxd4 Ne5 12. Bf1 Re8 13. Nb3 Qb4 14. a3 Qb6 15. Be3 c5 16. f4 Nf3+ 17. Qxf3 Qxb3 18. e5 dxe5 19. Bxc5 Nd7 20. Bf2 Nb6 21. c5 Na4 22. Bb5 Nxc3 23. Bxe8 e4 24. Rxe4 Qxb2 25. Rae1 Nxe4 26. Qxe4 Bf5 27. Qe7 Be6 28. f5 gxf5 29. Bd7 Bf6 30. Qd6 Rd8 31. Rxe6 fxe6 32. Qxe6+ Kg7 33. Qxf5 Qc1+ 34. Kg2 Qg5 35. Qe6 Qe5 36. Qg4+ Kh8 37. Be6 Bg7 38. Bc4 Re8 39. Qf3 Qe4 40. Qxe4 Rxe4 41. Bd5 Re2 42. Kf3 Rb2 43. a4 Bc3 44. g4 Kg7 45. h4 Rb4 46. g5 Bd4 47. Bg3 Rxa4 48. Bxb7 Bxc5 49. Be5+ Kg6 50. Be4+ Rxe4 51. Kxe4 h6 52. gxh6 Kxh6 53. Kd5 Bf2 1/2-1/2

[Event "FISU World University-ch 2020"]
[Site "Online"]
[Date "2020.10.26"]
[Round "5.11"]
[White "Turar, Dastan"]
[Black "Curatolo, Nicolas Matias"]
[Result "1-0"]
[WhiteElo "2229"]
[BlackElo "1665"]
[Annotator "TA"]
[PlyCount "45"]
[EventDate "2020.10.26"]
[SourceTitle "playchess.com"]
[Source "ChessBase"]
[SourceQuality "1"]

1. d4 f5 2. Nf3 Nf6 3. c4 g6 4. Nc3 Bg7 5. g3 O-O 6. Bg2 d6 7. O-O Qe8 8. Re1 e5 9. e4 fxe4 10. Nxe4 Nxe4 11. Rxe4 Qf7 12. dxe5 Bf5 13. Ng5 Qe7 14. exd6 Qxd6 15. Qxd6 cxd6 16. Re7 Nd7 17. Bxb7 Rab8 18. Bd5+ Kh8 19. Nf7+ Rxf7 20. Rxf7 Re8 21. Be3 Bxb2 22. Re1 Bc3 23. Bd4+ 1-0

[Event "FISU World University-ch 2020"]
[Site "Online"]
[Date "2020.10.26"]
[Round "5.11"]
[White "Campos, Maria Jose"]
[Black "Bekturov, Tamerlan"]
[Result "1/2-1/2"]
[WhiteElo "2112"]
[BlackElo "2244"]
[Annotator "TA"]
[PlyCount "67"]
[EventDate "2020.10.26"]
[SourceTitle "playchess.com"]
[Source "ChessBase"]
[SourceQuality "1"]

1. c4 Nf6 2. g3 e6 3. Bg2 d5 4. Nf3 dxc4 5. Na3 Bxa3 6. bxa3 O-O 7. Bb2 c6 8. Ne5 b5 9. a4 a6 10. O-O Bb7 11. d3 cxd3 12. Nxd3 Nbd7 13. Rc1 Qb6 14. Ba3 Rfc8 15. Nc5 Nxc5 16. Bxc5 Qa5 17. Qb3 Nd7 18. Bb4 Qc7 19. Bc5 Nb6 20. a5 Na4 21. Qb4 Rd8 22. Rc2 Rd7 23. Rfc1 Rad8 24. Bf3 Rd1+ 25. Kg2 Rxc1 26. Rxc1 Rc8 27. Rc2 h6 28. h4 Nxc5 29. Rxc5 Rd8 30. a4 Qd7 31. Qc3 Qd4 32. Qxd4 Rxd4 33. axb5 axb5 34. Bxc6 1/2-1/2

[Event "FISU World University-ch 2020"]
[Site "Online"]
[Date "2020.10.26"]
[Round "5.12"]
[White "Marikova, Jana"]
[Black "Argote Heredia, Valentina"]
[Result "0-1"]
[WhiteElo "2163"]
[BlackElo "2150"]
[Annotator "TA"]
[PlyCount "86"]
[EventDate "2020.10.26"]
[SourceTitle "playchess.com"]
[Source "ChessBase"]
[SourceQuality "1"]

1. d4 Nf6 2. c4 e6 3. Nf3 d5 4. Nc3 Bb4 5. e3 O-O 6. a3 Bxc3+ 7. bxc3 c6 8. Qc2 Nbd7 9. Bd3 dxc4 10. Bxc4 b5 11. Ba2 Bb7 12. O-O c5 13. Nd2 Rc8 14. Bb2 Qc7 15. Qd3 c4 16. Qe2 e5 17. Nf3 Rfe8 18. Rad1 a6 19. Rfe1 Qc6 20. Qf1 Qe6 21. Bb1 Qg4 22. h3 Qh5 23. Nd2 e4 24. Bc2 Nb6 25. Ra1 a5 26. Bc1 Nbd5 27. Nb1 Re6 28. Bd1 Qg6 29. Be2 Nb6 30. Nd2 Nfd5 31. Bb2 Na4 32. Rab1 Ndxc3 33. Bxc3 Nxc3 34. Rbc1 Nxe2+ 35. Qxe2 Bd5 36. Rb1 Rb6 37. Rec1 Qe6 38. Nf1 b4 39. Qe1 c3 40. Ng3 Bc4 41. Ne2 Bd3 42. Nf4 Qc4 43. Ra1 b3 0-1

[Event "FISU World University-ch 2020"]
[Site "Online"]
[Date "2020.10.26"]
[Round "5.12"]
[White "Pulpan, Matej"]
[Black "Dominguez, Laura Lucia"]
[Result "1-0"]
[WhiteElo "2077"]
[BlackElo "1970"]
[Annotator "TA"]
[PlyCount "41"]
[EventDate "2020.10.26"]
[SourceTitle "playchess.com"]
[Source "ChessBase"]
[SourceQuality "1"]

1. e4 c5 2. c3 g6 3. d4 cxd4 4. cxd4 d5 5. exd5 Nf6 6. Nf3 Bg7 7. Nc3 Bg4 8. h3 Bxf3 9. Qxf3 O-O 10. Bc4 Nbd7 11. O-O Nb6 12. Bb3 a5 13. a4 Qd7 14. Bg5 Rad8 15. Bxf6 Bxf6 16. Rfd1 Qd6 17. Ne4 Qb4 18. d6 Bxd4 19. Rxd4 Qxd4 20. dxe7 Qxb2 21. exd8=Q 1-0

[Event "FISU World University-ch 2020"]
[Site "Online"]
[Date "2020.10.26"]
[Round "5.12"]
[White "Gaviria, Andres Felipe"]
[Black "Vaculik, Jakub"]
[Result "1-0"]
[WhiteElo "2065"]
[BlackElo "2147"]
[Annotator "TA"]
[PlyCount "57"]
[EventDate "2020.10.26"]
[SourceTitle "playchess.com"]
[Source "ChessBase"]
[SourceQuality "1"]

1. d4 d5 2. Nf3 c6 3. e3 Nf6 4. Bd3 Bg4 5. O-O e6 6. b3 Nbd7 7. Bb2 Ne4 8. c4 Bd6 9. Nc3 Bxf3 10. Qxf3 Nd2 11. Qg4 Nf6 12. Qxg7 Rg8 13. Qh6 Nxf1 14. Rxf1 Qe7 15. cxd5 Ng4 16. Qh3 cxd5 17. Bb5+ Kd8 18. e4 Bxh2+ 19. Kh1 Rg6 20. Bc1 Rc8 21. exd5 Qc7 22. Qh4+ f6 23. dxe6 Bf4 24. Bxf4 Qxf4 25. e7+ Kxe7 26. Nd5+ Kf7 27. Nxf4 Rh6 28. Nh5 Kg6 29. Qxg4+ 1-0

[Event "FISU World University-ch 2020"]
[Site "Online"]
[Date "2020.10.26"]
[Round "5.12"]
[White "Ojeda Ossa, Daniel De Jesus"]
[Black "Otruba, Marek"]
[Result "1-0"]
[WhiteElo "1884"]
[BlackElo "2017"]
[Annotator "TA"]
[PlyCount "87"]
[EventDate "2020.10.26"]
[SourceTitle "playchess.com"]
[Source "ChessBase"]
[SourceQuality "1"]

1. d4 Nf6 2. c4 c5 3. d5 b5 4. cxb5 a6 5. Nc3 g6 6. e4 d6 7. bxa6 Bxa6 8. Bxa6 Nxa6 9. f4 Bg7 10. Nf3 O-O 11. O-O Qb6 12. Qe2 Nc7 13. Kh1 Rab8 14. Rb1 e6 15. dxe6 Nxe6 16. e5 Ne8 17. Nd5 Qb7 18. Rd1 dxe5 19. fxe5 Nd4 20. Nxd4 Qxd5 21. Nb3 Qc6 22. Be3 c4 23. Nc5 Bxe5 24. Nd7 Bc7 25. Bh6 Ng7 26. Nxf8 Rxf8 27. Bxg7 Kxg7 28. Rbc1 Qf6 29. Rxc4 Bb8 30. Qe4 Rd8 31. Rcd4 Rc8 32. Qe2 Be5 33. Rd7 Qf4 34. g3 Qf6 35. Qg2 Qg5 36. Rf1 Bf6 37. Qd5 Qxd5+ 38. Rxd5 Bxb2 39. a4 Ra8 40. Rb1 Bc3 41. Rb3 Bf6 42. a5 Be7 43. Rb7 Bb4 44. Rxb4 1-0

[Event "FISU World University-ch 2020"]
[Site "Online"]
[Date "2020.10.26"]
[Round "5.13"]
[White "Chylewski, Patryk"]
[Black "Garcia de Dios, Jose Antonio"]
[Result "1/2-1/2"]
[WhiteElo "2330"]
[BlackElo "2206"]
[Annotator "TA"]
[PlyCount "66"]
[EventDate "2020.10.26"]
[SourceTitle "playchess.com"]
[Source "ChessBase"]
[SourceQuality "1"]

1. d4 Nf6 2. c4 e6 3. Nf3 b6 4. a3 Bb7 5. Nc3 d5 6. cxd5 exd5 7. g3 Be7 8. Bg2 O-O 9. O-O c6 10. Bf4 Na6 11. Ne5 Nc7 12. Rc1 Ne6 13. Qa4 b5 14. Qd1 Nxf4 15. gxf4 Nd7 16. Nd3 Qb6 17. e3 a5 18. Kh1 Rfd8 19. Rg1 Bf8 20. Bf3 Rac8 21. Bg4 Rc7 22. b4 axb4 23. axb4 Nf6 24. Bf3 Bc8 25. Ra1 Bf5 26. Nc5 Ra7 27. Qb3 Rda8 28. Qb2 Rxa1 29. Rxa1 Rxa1+ 30. Qxa1 Bxc5 31. dxc5 Qb7 32. Qa5 h6 33. Ne2 Qd7 1/2-1/2

[Event "FISU World University-ch 2020"]
[Site "Online"]
[Date "2020.10.26"]
[Round "5.13"]
[White "Kiolbasa, Oliwia"]
[Black "Luna Javier, Edgar Froylan"]
[Result "1-0"]
[WhiteElo "2260"]
[BlackElo "2114"]
[Annotator "TA"]
[PlyCount "121"]
[EventDate "2020.10.26"]
[SourceTitle "playchess.com"]
[Source "ChessBase"]
[SourceQuality "1"]

1. e4 c5 2. Nf3 g6 3. d4 cxd4 4. Nxd4 Bg7 5. c4 Nc6 6. Be3 Nf6 7. Nc3 Ng4 8. Qxg4 Nxd4 9. Qd1 Ne6 10. Qd2 Qa5 11. Rc1 O-O 12. Be2 Nc5 13. f3 d6 14. O-O Be6 15. Rfd1 Rfd8 16. Nd5 Qxd2 17. Rxd2 Bxd5 18. cxd5 a5 19. Rdc2 f5 20. exf5 gxf5 21. Kf1 b6 22. Bb5 Kf7 23. a3 a4 24. Bc6 Ra7 25. Rb1 Rb8 26. Rc4 Bf6 27. Ke2 Ra5 28. Bd2 Ra7 29. Rb4 h5 30. Be3 h4 31. Bf2 Rg8 32. Rg1 Be5 33. f4 Bf6 34. Rxb6 Ne4 35. Be3 Ra5 36. Rb4 Nc5 37. Bf2 Rg4 38. Be1 Ra7 39. Bf2 Ra5 40. Be3 Kg7 41. Rb8 Nb3 42. h3 Rg3 43. Bf2 Nd4+ 44. Kd2 Nb3+ 45. Ke1 Rd3 46. g3 Bxb2 47. gxh4+ Kh7 48. Rf8 Bc3+ 49. Ke2 Rd2+ 50. Kf3 Rd3+ 51. Kg2 Kg7 52. Rxf5 Bf6 53. Kh2+ Kf8 54. h5 Nd2 55. Kg2 Nf3 56. Rb1 Nd4 57. Bxd4 Rxd4 58. h6 Kf7 59. h7 Kg7 60. Rh5 Kg6 61. Be8+ 1-0

[Event "FISU World University-ch 2020"]
[Site "Online"]
[Date "2020.10.26"]
[Round "5.13"]
[White "Fuentes Godoy, Lilia Ivonne"]
[Black "Kokoszczynski, Jan"]
[Result "0-1"]
[WhiteElo "2196"]
[BlackElo "2221"]
[Annotator "TA"]
[PlyCount "62"]
[EventDate "2020.10.26"]
[SourceTitle "playchess.com"]
[Source "ChessBase"]
[SourceQuality "1"]

1. d4 Nf6 2. c4 e6 3. Nf3 b6 4. a3 Bb7 5. Nc3 d5 6. cxd5 Nxd5 7. Qc2 Be7 8. Bd2 Nd7 9. e4 Nxc3 10. Bxc3 O-O 11. Bd3 c5 12. Rd1 cxd4 13. Bxd4 Rc8 14. Qb1 Qc7 15. O-O Rfd8 16. b4 h6 17. Rc1 Qf4 18. Be3 Qb8 19. Bd4 Bf6 20. Bxf6 Nxf6 21. Rxc8 Rxc8 22. e5 Nd7 23. Be4 Ba6 24. b5 Bb7 25. Rd1 Nc5 26. Bxb7 Qxb7 27. Nd4 Qc7 28. Nc6 a6 29. Rd6 axb5 30. Qxb5 Ne4 31. Qb4 Nxd6 0-1

[Event "FISU World University-ch 2020"]
[Site "Online"]
[Date "2020.10.26"]
[Round "5.13"]
[White "Quiroga Jaquez, Angel Ivan"]
[Black "Sliwicka, Alicja"]
[Result "1-0"]
[WhiteElo "2178"]
[BlackElo "2311"]
[Annotator "TA"]
[PlyCount "57"]
[EventDate "2020.10.26"]
[SourceTitle "playchess.com"]
[Source "ChessBase"]
[SourceQuality "1"]

1. Nf3 c5 2. b3 d5 3. e3 Nc6 4. Bb2 Nf6 5. d4 Bf5 6. Bd3 Bg6 7. O-O e6 8. c4 cxd4 9. Nxd4 Nxd4 10. Bxd4 dxc4 11. Bxc4 Bd6 12. Bb5+ Ke7 13. Nd2 Qc7 14. Rc1 Qb8 15. Nc4 Bxh2+ 16. Kh1 Ne4 17. Bxg7 Rd8 18. Qg4 a6 19. Nb6 Ra7 20. Be2 Bc7 21. Bf3 f5 22. Qh4+ Kf7 23. Bxe4 Bxb6 24. Qf6+ Kg8 25. Bh6 Rd7 26. Qxe6+ Bf7 27. Qxd7 Ra8 28. Qxf5 Qd6 29. Qxh7# 1-0

[Event "FISU World University-ch 2020"]
[Site "Online"]
[Date "2020.10.26"]
[Round "5.14"]
[White "Felix Soto, Alfredo"]
[Black "Ferreira, Hugo Miguel Da Costa"]
[Result "1-0"]
[WhiteElo "2075"]
[BlackElo "2081"]
[Annotator "TA"]
[PlyCount "171"]
[EventDate "2020.10.26"]
[SourceTitle "playchess.com"]
[Source "ChessBase"]
[SourceQuality "1"]

1. e4 c5 2. c3 e6 3. Nf3 d5 4. exd5 exd5 5. d4 Nc6 6. Bb5 a6 7. Bxc6+ bxc6 8. O-O Bd6 9. b3 Ne7 10. Ba3 cxd4 11. Bxd6 Qxd6 12. cxd4 O-O 13. h3 c5 14. Nc3 Bb7 15. Na4 cxd4 16. Qxd4 Nf5 17. Qe5 Qg6 18. Nd4 Nh4 19. Qg3 Qe4 20. Rad1 Nf5 21. Nxf5 Qxf5 22. Rd4 Bc6 23. Nc3 Rfd8 24. Rfd1 Rd7 25. R1d2 Rad8 26. Nd1 Qe6 27. Ne3 h6 28. Rc2 Qf6 29. Rcd2 Qe6 30. Qg4 Bb7 31. Nf5 Qf6 32. Ne3 Rd6 33. Qf5 Qxf5 34. Nxf5 Re6 35. Ne3 Kf8 36. Kf1 g6 37. Rc2 Rc6 38. Ke2 Ke7 39. Kd2 Ke6 40. Rb4 Rxc2+ 41. Nxc2 Rd7 42. Kd3 Kd6 43. Rb6+ Kc7 44. Rf6 Re7 45. g3 Bc8 46. Nd4 Bxh3 47. Kc3 Kb7 48. b4 Bf1 49. Nb3 Bc4 50. Nc5+ Ka7 51. a4 Rc7 52. Kd4 Re7 53. Rd6 h5 54. f4 Rc7 55. Rd8 Kb6 56. Rd6+ Ka7 57. f5 g5 58. Rh6 Be2 59. Kxd5 Re7 60. Rh7 Kb6 61. Rh6+ Ka7 62. Rh7 Kb6 63. f6 Rc7 64. Rg7 g4 65. Rg5 Bf3+ 66. Kd4 Rc6 67. Rxh5 Kc7 68. Rf5 Rd6+ 69. Kc3 Rc6 70. b5 axb5 71. axb5 Rb6 72. Kb4 Be2 73. Na4 Re6 74. Kc5 Re4 75. Nb6 Re6 76. Nd5+ Kb7 77. Nf4 Re3 78. Rd5 Bf3 79. Rd7+ Kc8 80. Rxf7 Re5+ 81. Kd6 Rxb5 82. Rc7+ Kb8 83. f7 Rb6+ 84. Kc5 Kxc7 85. f8=Q Rd6 86. Qxd6+ 1-0

[Event "FISU World University-ch 2020"]
[Site "Online"]
[Date "2020.10.26"]
[Round "5.14"]
[White "Paiva, Henrique M A Alberga"]
[Black "Velo Arredondo, Alonso"]
[Result "1/2-1/2"]
[WhiteElo "2068"]
[BlackElo "2068"]
[Annotator "TA"]
[PlyCount "81"]
[EventDate "2020.10.26"]
[SourceTitle "playchess.com"]
[Source "ChessBase"]
[SourceQuality "1"]

1. e4 e5 2. Nf3 Nc6 3. Bc4 Bc5 4. d3 Nf6 5. O-O d6 6. h3 h6 7. c3 a6 8. Re1 b5 9. Bb3 Bb6 10. Nbd2 Be6 11. Nf1 Na5 12. Bc2 c5 13. Ng3 Qc7 14. Nh4 g6 15. Be3 Nc6 16. Qd2 Ng8 17. Bb3 Bxb3 18. axb3 Qe7 19. Nf3 Kf8 20. d4 Qf6 21. dxc5 dxc5 22. Qd5 Rd8 23. Bxc5+ Kg7 24. Bxb6 Rxd5 25. exd5 Nd4 26. Bc7 Nxf3+ 27. gxf3 Qxf3 28. Bxe5+ f6 29. Bd4 Qxd5 30. Rxa6 h5 31. Ne4 Rh7 32. Nxf6 Nxf6 33. Rxf6 Kh6 34. Be3+ Kg7 35. Bd4 Kh6 36. Be3+ Kg7 37. Bd4 Kh6 38. Be3+ Kg7 39. Bd4 Kh6 40. Be3+ Kg7 41. Bd4 1/2-1/2

[Event "FISU World University-ch 2020"]
[Site "Online"]
[Date "2020.10.26"]
[Round "5.14"]
[White "Baltazar Ibanez, Diego"]
[Black "Santos, Rita Alexandra L Sil"]
[Result "1-0"]
[WhiteElo "2054"]
[BlackElo "1606"]
[Annotator "TA"]
[PlyCount "51"]
[EventDate "2020.10.26"]
[SourceTitle "playchess.com"]
[Source "ChessBase"]
[SourceQuality "1"]

1. e4 e5 2. Nf3 Nc6 3. Bb5 f5 4. Nc3 fxe4 5. Nxe4 a6 6. Ba4 b5 7. Bb3 d5 8. Nc3 Nf6 9. d4 e4 10. Ne5 Na5 11. Nxd5 Nxb3 12. Nxf6+ Qxf6 13. axb3 Bd6 14. Qh5+ g6 15. Qg5 Bxe5 16. Qxe5+ Qxe5 17. dxe5 Bb7 18. Bg5 Kf7 19. Ke2 Ke6 20. Bf6 Rhf8 21. Rhd1 Rf7 22. Rd4 a5 23. Rad1 a4 24. g4 g5 25. Rd6+ cxd6 26. Rxd6# 1-0

[Event "FISU World University-ch 2020"]
[Site "Online"]
[Date "2020.10.26"]
[Round "5.14"]
[White "Monteiro, Paulo Alexandre G"]
[Black "Torres Rosas, Rita Rosalia"]
[Result "1/2-1/2"]
[WhiteElo "2049"]
[BlackElo "1859"]
[Annotator "TA"]
[PlyCount "101"]
[EventDate "2020.10.26"]
[SourceTitle "playchess.com"]
[Source "ChessBase"]
[SourceQuality "1"]

1. d4 Nf6 2. c4 e6 3. Nf3 Bb4+ 4. Bd2 Bxd2+ 5. Qxd2 b6 6. g3 Bb7 7. Bg2 d5 8. Ne5 Nbd7 9. Nxd7 Qxd7 10. Nc3 O-O 11. O-O c5 12. cxd5 exd5 13. e3 Rad8 14. Rfd1 Ne4 15. Nxe4 dxe4 16. Qc2 cxd4 17. Rxd4 Qe6 18. Rxd8 Rxd8 19. Rd1 Rxd1+ 20. Qxd1 Qd5 21. Qxd5 Bxd5 22. a3 f5 23. Kf1 Bc4+ 24. Ke1 Kf7 25. Kd2 Ke6 26. Kc3 Be2 27. Kd4 Kd6 28. h3 h5 29. h4 g6 30. Bh3 Ba6 31. b4 Be2 32. Bg2 Bb5 33. f3 exf3 34. Bxf3 Ba4 35. e4 fxe4 36. Bxe4 Be8 37. Bd3 Bf7 38. Bb5 Ba2 39. Ke4 Bb1+ 40. Kf4 Ke6 41. Kg5 Ke7 42. Bc4 Bc2 43. Bg8 Bb1 44. Bd5 Bc2 45. Bc4 Bb1 46. Kf4 Kf6 47. Bb3 Bf5 48. Ba4 Bb1 49. Bb3 Bf5 50. Ba4 Bb1 51. Bb3 1/2-1/2

[Event "FISU World University-ch 2020"]
[Site "Online"]
[Date "2020.10.26"]
[Round "5.15"]
[White "Morera Campos, Heizel Maria"]
[Black "Ahmad Nazari, Emir Rusyaidi"]
[Result "0-1"]
[WhiteElo "1980"]
[BlackElo "1963"]
[Annotator "TA"]
[PlyCount "88"]
[EventDate "2020.10.26"]
[SourceTitle "playchess.com"]
[Source "ChessBase"]
[SourceQuality "1"]

1. e4 c6 2. Nf3 d5 3. exd5 cxd5 4. d4 Nc6 5. Bd3 Bg4 6. c3 e6 7. O-O Bd6 8. Nbd2 Qc7 9. h3 Bh5 10. Re1 Nf6 11. Nf1 O-O 12. Bg5 Nd7 13. Bh4 Bg6 14. Bxg6 hxg6 15. Bg3 Rae8 16. Qb3 a6 17. Bxd6 Qxd6 18. Qxb7 Rb8 19. Qxa6 Rxb2 20. Qd3 Qa3 21. Ne3 Nf6 22. Nd2 Nb4 23. Qf1 Rxd2 24. cxb4 Qxb4 25. Red1 Ra8 26. Rxd2 Qxd2 27. Qd1 Rxa2 28. Qxd2 Rxd2 29. Ra8+ Kh7 30. Ra7 Rxd4 31. Rxf7 Re4 32. Re7 d4 33. Nf1 Re1 34. f3 d3 35. Kf2 Re2+ 36. Kg3 Nh5+ 37. Kg4 d2 38. Nxd2 Rxg2+ 39. Kh4 Rxd2 40. Rxe6 Rg2 41. Re5 Kh6 42. Re6 Nf4 43. Ra6 Rg5 44. Rxg6+ Nxg6# 0-1

[Event "FISU World University-ch 2020"]
[Site "Online"]
[Date "2020.10.26"]
[Round "5.15"]
[White "Azman Hisham, Nur Najiha"]
[Black "Ramirez Madrid, Gerardo Alfonso"]
[Result "1-0"]
[WhiteElo "1975"]
[BlackElo "2029"]
[Annotator "TA"]
[PlyCount "83"]
[EventDate "2020.10.26"]
[SourceTitle "playchess.com"]
[Source "ChessBase"]
[SourceQuality "1"]

1. d4 Nf6 2. c4 g6 3. Nc3 d5 4. cxd5 Nxd5 5. e4 Nxc3 6. bxc3 Bg7 7. Bc4 c5 8. Ne2 Nc6 9. Be3 O-O 10. O-O e6 11. Qd2 Qe7 12. Bg5 Bf6 13. Bxf6 Qxf6 14. e5 Qe7 15. Rfd1 Rd8 16. Qh6 cxd4 17. cxd4 Na5 18. Bd3 b6 19. Ng3 Qf8 20. Qh4 Bb7 21. Be4 Rac8 22. Bxb7 Nxb7 23. Ne4 h5 24. Nf6+ Kg7 25. Rd3 Rc4 26. Rad1 Qb4 27. h3 Rc3 28. Nxh5+ gxh5 29. Qg3+ Kf8 30. Rxc3 Nc5 31. Qg5 Rxd4 32. Rxd4 Qxd4 33. Rf3 Nd3 34. Qh6+ Ke8 35. Qh8+ Ke7 36. Qf6+ Kd7 37. Qxf7+ Kc6 38. Qxe6+ Kb5 39. Qb3+ Nb4 40. a3 Qa1+ 41. Kh2 Qxe5+ 42. g3 1-0

[Event "FISU World University-ch 2020"]
[Site "Online"]
[Date "2020.10.26"]
[Round "5.15"]
[White "Azhar, Puteri Rifqah Fahada"]
[Black "Carvajal Pena, Daniel"]
[Result "0-1"]
[WhiteElo "1939"]
[BlackElo "1929"]
[Annotator "TA"]
[PlyCount "94"]
[EventDate "2020.10.26"]
[SourceTitle "playchess.com"]
[Source "ChessBase"]
[SourceQuality "1"]

1. d4 d5 2. Nf3 e6 3. Bf4 c5 4. e3 Bd6 5. Bg3 Nf6 6. c3 Qc7 7. Nbd2 Nbd7 8. Bd3 e5 9. dxe5 Nxe5 10. Nxe5 Bxe5 11. Nf3 Bd6 12. Qd2 O-O 13. O-O Bg4 14. Be2 Rad8 15. Rad1 Rfe8 16. Qc2 Ne4 17. Bxd6 Rxd6 18. h3 Bh5 19. c4 dxc4 20. Rxd6 Nxd6 21. a4 Bg6 22. Qc3 Be4 23. Rd1 Rd8 24. Nd2 Bd3 25. Bxd3 cxd3 26. Qxd3 Ne8 27. Qb3 c4 28. Qc2 Rd3 29. Rc1 Rd6 30. Qxc4 Rc6 31. Qxc6 bxc6 32. Kf1 Qa5 33. Ke2 Qxa4 34. Rc3 Qb5+ 35. Ke1 Nd6 36. b3 a5 37. Kd1 a4 38. bxa4 Qxa4+ 39. Ke2 Qb5+ 40. Ke1 f5 41. Rc1 c5 42. Nf3 Ne4 43. Nd2 Qb4 44. Rc2 c4 45. Ke2 Nxd2 46. Rxd2 c3 47. Rc2 Qc4+ 0-1

[Event "FISU World University-ch 2020"]
[Site "Online"]
[Date "2020.10.26"]
[Round "5.15"]
[White "Marin Leon, Valeria"]
[Black "Azman Hisham, Nur Nabila"]
[Result "0-1"]
[WhiteElo "1678"]
[BlackElo "1936"]
[Annotator "TA"]
[PlyCount "122"]
[EventDate "2020.10.26"]
[SourceTitle "playchess.com"]
[Source "ChessBase"]
[SourceQuality "1"]

1. e4 c5 2. f4 d5 3. Nf3 dxe4 4. Ng5 Nf6 5. Bc4 e6 6. Qe2 Nc6 7. Nxe4 Be7 8. c3 O-O 9. O-O Na5 10. Bb3 Nxb3 11. axb3 Qb6 12. Kh1 Nxe4 13. Qxe4 Qxb3 14. d3 Bd7 15. Nd2 Qd5 16. Nf3 Qxe4 17. dxe4 Bb5 18. Re1 Rfd8 19. Be3 b6 20. h3 Bc6 21. Bf2 f6 22. Kh2 Rd3 23. Re2 Bb5 24. Ree1 a6 25. Rad1 Rad8 26. Rxd3 Rxd3 27. Be3 Bc6 28. Bc1 Bd8 29. Kg1 b5 30. Kf2 b4 31. c4 a5 32. Ke2 Bxe4 33. Nd2 Bg6 34. Nf3 Rd7 35. Be3 Be7 36. g4 Bd3+ 37. Kf2 Bxc4 38. Rc1 Bd5 39. Bxc5 Bxc5+ 40. Rxc5 Bxf3 41. Kxf3 Rd3+ 42. Ke4 Rxh3 43. Rxa5 Rh2 44. Rb5 Rxb2 45. Rb7 h6 46. Re7 Rb1 47. Kd3 Rg1 48. g5 hxg5 49. fxg5 Rxg5 50. Rxe6 Rg3+ 51. Kc4 b3 52. Rb6 Kh7 53. Kd4 Kh6 54. Ke4 Kg5 55. Rb5+ Kg4 56. Rb7 g6 57. Rb5 f5+ 58. Ke5 Kg5 59. Rb4 Re3+ 60. Kd4 Re4+ 61. Kc3 Rxb4 0-1

[Event "FISU World University-ch 2020"]
[Site "Online"]
[Date "2020.10.26"]
[Round "5.16"]
[White "Stoeri, Laura"]
[Black "Hernandez Vazquez, Gerardo"]
[Result "1/2-1/2"]
[WhiteElo "2126"]
[BlackElo "1886"]
[Annotator "TA"]
[PlyCount "214"]
[EventDate "2020.10.26"]
[SourceTitle "playchess.com"]
[Source "ChessBase"]
[SourceQuality "1"]

1. e4 e6 2. d4 d5 3. Nd2 Nf6 4. e5 Nfd7 5. Bd3 c5 6. c3 Nc6 7. Ngf3 a6 8. O-O b5 9. dxc5 Ndxe5 10. Nb3 Nxd3 11. Qxd3 Be7 12. Re1 O-O 13. Bf4 Bb7 14. Re2 a5 15. Nfd4 b4 16. Nxc6 Bxc6 17. cxb4 axb4 18. Nd4 Bb7 19. Rc2 Qa5 20. Nb3 Qa4 21. Qe3 Bf6 22. Rd2 Rfc8 23. h3 Qc6 24. Qg3 Ba6 25. Bd6 Bc4 26. Nd4 Qa6 27. b3 Bb5 28. Rad1 Be8 29. Qf4 Qb7 30. h4 Be7 31. h5 h6 32. Nf3 f6 33. Qg4 Qd7 34. Re2 Bxd6 35. cxd6 e5 36. Qxb4 d4 37. Ne1 Bxh5 38. f3 Rc6 39. Nd3 Qxd6 40. Qe1 Rca6 41. a4 Bf7 42. Rb2 Rb6 43. Rdb1 Bg6 44. Qd1 Qc6 45. Rc1 Qd7 46. Nc5 Qd5 47. b4 Be8 48. a5 Rxa5 49. Rcb1 Rab5 50. Qd3 Bf7 51. Qa3 Rb8 52. Qa7 Bg6 53. Rc1 Kh7 54. Na6 R5b7 55. Qc5 Qxc5 56. Rxc5 Ra8 57. Rc6 Be8 58. Rd6 Bb5 59. Nc5 Rbb8 60. Kf2 Kg6 61. Ne6 Kf7 62. Nc7 Ke7 63. Rd5 Bc6 64. Rc5 Kd6 65. Nxa8 Bxa8 66. Ra5 Bc6 67. Ra6 Kd7 68. Rc2 Bd5 69. Rc5 Bb7 70. Ra7 Kd6 71. Rca5 g6 72. b5 Kc5 73. Ke2 f5 74. Kd2 e4 75. fxe4 Bxe4 76. Rg7 g5 77. Rg6 Kb4 78. Ra2 Rxb5 79. Rb2+ Kc4 80. Rxb5 Kxb5 81. Rxh6 Bxg2 82. Rh5 Be4 83. Rxg5 Kc4 84. Rg8 Kd5 85. Re8 Kc4 86. Rd8 Kc5 87. Ke2 Kc4 88. Rc8+ Kd5 89. Re8 Kc5 90. Kd2 Kd5 91. Ke2 Kc4 92. Rc8+ Kd5 93. Re8 Kc4 94. Rc8+ Kd5 95. Re8 Kc5 96. Kd2 Kd6 97. Ke2 Bc6 98. Rd8+ Ke5 99. Rc8 Be4 100. Re8+ Kf4 101. Rd8 Ke5 102. Re8+ Kf4 103. Rd8 Ke5 104. Re8+ Kf4 105. Rd8 Ke5 106. Re8+ Kf4 107. Rd8 Ke5 1/2-1/2

[Event "FISU World University-ch 2020"]
[Site "Online"]
[Date "2020.10.26"]
[Round "5.16"]
[White "Meier, Lukas"]
[Black "Rodriguez Silva, Sheila Angelica"]
[Result "1-0"]
[WhiteElo "2094"]
[BlackElo "1745"]
[Annotator "TA"]
[PlyCount "45"]
[EventDate "2020.10.26"]
[SourceTitle "playchess.com"]
[Source "ChessBase"]
[SourceQuality "1"]

1. e4 c5 2. d4 cxd4 3. c3 dxc3 4. Nxc3 a6 5. Nf3 e6 6. Bc4 b5 7. Bb3 Ne7 8. Bg5 f6 9. Be3 Ng6 10. O-O Be7 11. Nd5 O-O 12. Bb6 Qe8 13. Nc7 Qf7 14. Nxa8 Bb7 15. Nc7 Bxe4 16. Re1 d5 17. Rxe4 dxe4 18. Bxe6 exf3 19. Qxf3 Nd7 20. Bxf7+ Rxf7 21. Ba5 Nde5 22. Qd5 Kh8 23. Rd1 1-0

[Event "FISU World University-ch 2020"]
[Site "Online"]
[Date "2020.10.26"]
[Round "5.16"]
[White "Perez, Murillo Angel"]
[Black "Meylan, Andre"]
[Result "1-0"]
[WhiteElo "1963"]
[BlackElo "2205"]
[Annotator "TA"]
[PlyCount "93"]
[EventDate "2020.10.26"]
[SourceTitle "playchess.com"]
[Source "ChessBase"]
[SourceQuality "1"]

1. d4 e6 2. c4 Nf6 3. Nc3 Bb4 4. Nf3 O-O 5. Bd2 b6 6. e3 Bb7 7. Bd3 d5 8. Rc1 c5 9. cxd5 Nxd5 10. Nxd5 Bxd2+ 11. Qxd2 Qxd5 12. dxc5 Rd8 13. Be4 Qxd2+ 14. Nxd2 Bxe4 15. Nxe4 Rc8 16. Ke2 Na6 17. c6 Rc7 18. a3 Nb8 19. Rhd1 Nxc6 20. Rc3 f5 21. Ng5 Rcc8 22. Rdc1 Ne7 23. Rc7 Rxc7 24. Rxc7 Nd5 25. Rd7 Re8 26. Nxe6 Rxe6 27. Rxd5 Rc6 28. Kd2 g6 29. Rd8+ Kf7 30. Rd7+ Kf6 31. Rxa7 h6 32. Rd7 Ke5 33. f4+ Kf6 34. Rd3 g5 35. Rc3 Rd6+ 36. Ke2 Re6 37. g3 Kg6 38. b4 Kh5 39. h3 gxf4 40. gxf4 Kh4 41. b5 h5 42. Rc6 Re8 43. Rxb6 Kxh3 44. Rf6 Kg4 45. Rg6+ Kh4 46. Kf3 Ra8 47. Rg1 1-0